Энергетические и временные характеристики предельного состояния горных пород

Detaylı Bibliyografya
Yazar: Норель Б. К. Бронислав Константинович
Müşterek Yazar: Санкт-Петербургский горный университет
Diğer Yazarlar: Петров Ю. В. Юрий Викторович, Селютина Н. С. Нина Сергеевна
Özet:В монографии рассмотрены критерии прочности горных пород, испытывающих действие статического и динамического нагружения, в том числе с учетом различных видов объемных напряженных состояний. Предложен метод использования установок трехосного сжатия при выполнении необходимого комплекса механических испытаний образцов пород для определения параметров критериев квазистатического разрушения. Также представлен активно разрабатываемый в последние годы структурно-временной подход, применяемый для прогноза динамической прочности горных пород в широком диапазоне скоростей деформации, основанный на понятии инкубационного времени. Расчет временных зависимостей динамической прочности с соответствующей оценкой инкубационного времени разрушения горных пород позволяет объяснить природу многих принципиальных эффектов динамического разрушения пород. Хорошее соответствие результатов расчета с экспериментальными данными и удобная расчетная схема показывают высокую эффективность предложенного подхода. Издание предназначено научным и инженерно-техническим работникам горнодобывающей промышленности, а также широкому кругу специалистов, решающих задачи в области вопросов прочности, разрушения и надежности горных пород и неметаллических твердых тел; может быть рекомендовано в качестве учебного пособия преподавателям и студентам соответствующего направления.
Dil:Rusça
Baskı/Yayın Bilgisi: Санкт-Петербург, Изд-во СПбГУ, 2018
Konular:
Materyal Türü: MixedMaterials Kitap
KOHA link:https://koha.lib.tpu.ru/cgi-bin/koha/opac-detail.pl?biblionumber=342809

MARC

LEADER 00000nam0a2200000 4500
001 342809
005 20231102005506.0
010 |a 9785288058677 
035 |a (RuTPU)RU\TPU\book\372073 
090 |a 342809 
100 |a 20190402d2018 k y0rusy50 ca 
101 0 |a rus 
102 |a RU 
105 |a a z 001zy 
200 1 |a Энергетические и временные характеристики предельного состояния горных пород  |f Б. К. Норель, Ю. В. Петров, Н. С. Селютина  |g Санкт-Петербургский горный университет 
210 |a Санкт-Петербург  |c Изд-во СПбГУ  |d 2018 
215 |a 132 с.  |c ил. 
320 |a Список литературы: с. 124-132 
330 |a В монографии рассмотрены критерии прочности горных пород, испытывающих действие статического и динамического нагружения, в том числе с учетом различных видов объемных напряженных состояний. Предложен метод использования установок трехосного сжатия при выполнении необходимого комплекса механических испытаний образцов пород для определения параметров критериев квазистатического разрушения. Также представлен активно разрабатываемый в последние годы структурно-временной подход, применяемый для прогноза динамической прочности горных пород в широком диапазоне скоростей деформации, основанный на понятии инкубационного времени. Расчет временных зависимостей динамической прочности с соответствующей оценкой инкубационного времени разрушения горных пород позволяет объяснить природу многих принципиальных эффектов динамического разрушения пород. Хорошее соответствие результатов расчета с экспериментальными данными и удобная расчетная схема показывают высокую эффективность предложенного подхода. Издание предназначено научным и инженерно-техническим работникам горнодобывающей промышленности, а также широкому кругу специалистов, решающих задачи в области вопросов прочности, разрушения и надежности горных пород и неметаллических твердых тел; может быть рекомендовано в качестве учебного пособия преподавателям и студентам соответствующего направления. 
606 1 |a Горные породы  |x Напряженно-деформированное состояние  |x Мониторинг  |2 stltpush  |3 (RuTPU)RU\TPU\subj\34168  |9 56191 
610 1 |a механика 
610 1 |a статическое нагружение 
610 1 |a деформации 
610 1 |a прочность 
610 1 |a объемные нагрузки 
610 1 |a анизотропные горные породы 
610 1 |a бетон 
610 1 |a хрупкое разрушение 
610 1 |a высокоскоростное воздействие 
610 1 |a гетерогенность 
610 1 |a масштабный уровень 
610 1 |a размерный эффект 
610 1 |a инженерные расчеты 
610 1 |a монографии 
675 |a 622.833  |v 4 
700 1 |a Норель  |b Б. К.  |g Бронислав Константинович 
701 1 |a Петров  |b Ю. В.  |g Юрий Викторович 
701 1 |a Селютина  |b Н. С.  |g Нина Сергеевна 
712 0 2 |a Санкт-Петербургский горный университет  |c (2016- )  |2 stltpush  |3 (RuTPU)RU\TPU\col\21825  |9 28146 
801 1 |a RU  |b 63413507  |c 20190402 
801 2 |a RU  |b 63413507  |c 20190412  |g RCR 
942 |c BK